Alphabetical Oceania Quiz Stats

 Plays Quiz Updated Oct 10, 2012

Challenge
Share
Tweet
Embed
Score 0/14 Timer 02:00
3 Plays Today
Country % Correct
Australia
99.3%
Fiji
86.3%
Kiribati
75.7%
Marshall Islands
74.7%
New Zealand
74.1%
Nauru
73.7%
Micronesia
72.5%
Country % Correct
Palau
69.2%
Samoa
63.8%
Papua New Guinea
63.5%
Vanuatu
61.6%
Solomon Islands
61%
Tuvalu
60.6%
Tonga
58.7%

You're not logged in!

Compare scores with friends on all Sporcle quizzes.
Join for Free
OR
Log In

You Might Also Like...

Show Comments

Extras

Top Quizzes Today


Score Distribution

Your Account Isn't Verified!

In order to create a playlist on Sporcle, you need to verify the email address you used during registration. Go to your Sporcle Settings to finish the process.

Report this User

Report this user for behavior that violates our Community Guidelines.

Details: